[Event "FIDE Open World Blitz 2021"]
[Site "Warsaw"]
[Date "2021.12.30"]
[Round "13.4"]
[White "Grischuk, Alexander"]
[Black "Artemiev, Vladislav"]
[Result "1/2-1/2"]
[WhiteElo "2773"]
[BlackElo "2699"]
[Annotator "TA"]
[PlyCount "29"]
[EventDate "2021.12.29"]
[EventType "swiss"]
[EventCountry "POL"]
[Tiebreak "Cut1 Buchholz"]
[SourceTitle "playchess.com"]
[Source "ChessBase"]
[SourceQuality "1"]

1. e4 e5 2. Nf3 Nf6 3. Nxe5 d6 4. Nf3 Nxe4 5. d4 Be7 6. Bd3 Nf6 7. O-O O-O 8.
Re1 Re8 9. Nbd2 Nbd7 10. Nf1 b6 11. Ng3 Bb7 12. Bd2 Bf8 13. Rxe8 Qxe8 14. c3 g6
15. Qe2 1/2-1/2

[Event "FIDE Open World Blitz 2021"]
[Site "Warsaw"]
[Date "2021.12.30"]
[Round "13.4"]
[White "Demidov, Mikhail"]
[Black "Bologan, Victor"]
[Result "1-0"]
[WhiteElo "2592"]
[BlackElo "2574"]
[Annotator "ChessBase"]
[PlyCount "39"]
[EventDate "2021.12.29"]
[EventType "swiss"]
[EventCountry "POL"]
[Tiebreak "Cut1 Buchholz"]
[SourceTitle "playchess.com"]
[Source "ChessBase"]
[SourceQuality "1"]

1. Nf3 Nf6 2. g3 b6 3. Bg2 Bb7 4. O-O c5 5. c3 e6 6. c4 Be7 7. Nc3 d5 8. d3
dxc4 9. Qa4+ Bc6 10. Bd2 a6 11. a3 b5 12. Qb3 h6 13. Ne1 Nd5 14. Bxd5 Bxd5 15.
Ng2 Bg5 16. e3 Be7 17. Nf4 Qd6 18. a4 g5 19. Ng2 g4 20. f3 1-0

[Event "FIDE Open World Blitz 2021"]
[Site "Warsaw"]
[Date "2021.12.30"]
[Round "13.5"]
[White "Kravtsiv, Martyn"]
[Black "Nepomniachtchi, Ian"]
[Result "1/2-1/2"]
[WhiteElo "2616"]
[BlackElo "2782"]
[Annotator "TA"]
[PlyCount "50"]
[EventDate "2021.12.29"]
[EventType "swiss"]
[EventCountry "POL"]
[Tiebreak "Cut1 Buchholz"]
[SourceTitle "playchess.com"]
[Source "ChessBase"]
[SourceQuality "1"]

1. e4 e5 2. Nf3 Nf6 3. Nc3 Nc6 4. d4 exd4 5. Nxd4 Bb4 6. Nxc6 bxc6 7. Bd3 d5 8.
Bd2 O-O 9. O-O Rb8 10. Re1 dxe4 11. Nxe4 Nxe4 12. Rxe4 Bxd2 13. Qxd2 Rxb2 14.
Qc3 Rb8 15. Rc4 Bd7 16. h3 Re8 17. Ra4 Qg5 18. Rxa7 Bxh3 19. Bxh7+ Kxh7 20.
Qxh3+ Kg8 21. Qf3 Re6 22. Ra4 Rbe8 23. g3 Rh6 24. Re4 Rxe4 25. Qxe4 Re6 1/2-1/2

[Event "FIDE Open World Blitz 2021"]
[Site "Warsaw"]
[Date "2021.12.30"]
[Round "13.5"]
[White "Costachi, Mihnea"]
[Black "Narayanan.S.L"]
[Result "1/2-1/2"]
[WhiteElo "2463"]
[BlackElo "2570"]
[Annotator "ChessBase"]
[PlyCount "77"]
[EventDate "2021.12.29"]
[EventType "swiss"]
[EventCountry "POL"]
[Tiebreak "Cut1 Buchholz"]
[SourceTitle "playchess.com"]
[Source "ChessBase"]
[SourceQuality "1"]

1. d4 Nf6 2. Bg5 c5 3. dxc5 Qa5+ 4. Nd2 Qxc5 5. Ngf3 Nc6 6. e3 e6 7. Be2 Be7 8.
O-O O-O 9. Bxf6 Bxf6 10. Ne4 Qe7 11. Nxf6+ Qxf6 12. b3 d5 13. c4 dxc4 14. Bxc4
e5 15. Nd2 Bf5 16. Qf3 Qg6 17. Bd5 Rad8 18. Bxc6 bxc6 19. Nc4 Rd5 20. Qg3 Qf6
21. Rfe1 Be4 22. Rac1 h5 23. f3 h4 24. Qf2 Bd3 25. e4 Rd4 26. Ne3 Rfd8 27. Nf5
R4d7 28. Qxh4 Qxh4 29. Nxh4 Bb5 30. a4 Ba6 31. Rxc6 Bb7 32. Rc2 g6 33. g3 Ba6
34. Ng2 Rd3 35. Re3 Rd1+ 36. Re1 R1d3 37. Re3 Rd1+ 38. Re1 R1d3 39. Re3 1/2-1/2

[Event "FIDE Open World Blitz 2021"]
[Site "Warsaw"]
[Date "2021.12.30"]
[Round "13.6"]
[White "Fedoseev, Vladimir"]
[Black "Giri, Anish"]
[Result "0-1"]
[WhiteElo "2704"]
[BlackElo "2774"]
[Annotator "TA"]
[PlyCount "92"]
[EventDate "2021.12.29"]
[EventType "swiss"]
[EventCountry "POL"]
[Tiebreak "Cut1 Buchholz"]
[SourceTitle "playchess.com"]
[Source "ChessBase"]
[SourceQuality "1"]

1. Nf3 d5 2. g3 Nf6 3. Bg2 e6 4. c4 Be7 5. O-O O-O 6. b3 d4 7. e3 c5 8. Ne5 Qc7
9. f4 Nbd7 10. Nd3 Bd6 11. Na3 a6 12. Nc2 e5 13. Bb2 Re8 14. Rc1 h5 15. b4 dxe3
16. Nxe3 e4 17. Nxc5 Bxc5 18. bxc5 Qxc5 19. Qb3 Rb8 20. Kh1 b6 21. Ba3 Qc7 22.
Nd5 Nxd5 23. cxd5 Nc5 24. Qe3 Bf5 25. Bxc5 bxc5 26. Rxc5 Qd7 27. Rfc1 Rb5 28.
h4 g6 29. Qd4 Reb8 30. Rxb5 axb5 31. Rc5 Re8 32. Kg1 Qa7 33. Bf1 b4 34. Bc4 Kh7
35. Qe3 Rd8 36. Bb3 Qb6 37. Kf2 Rd7 38. Rc6 Qb5 39. Qd4 Qxc6 40. dxc6 Rxd4 41.
Ke1 Rd8 42. Bxf7 Rc8 43. Bd5 Kg7 44. Ke2 Kf6 45. Ke3 Ke7 46. Kd4 Kd6 0-1

[Event "FIDE Open World Blitz 2021"]
[Site "Warsaw"]
[Date "2021.12.30"]
[Round "13.6"]
[White "Gareyev, Timur"]
[Black "Gumularz, Szymon"]
[Result "1-0"]
[WhiteElo "2583"]
[BlackElo "2396"]
[Annotator "ChessBase"]
[PlyCount "79"]
[EventDate "2021.12.29"]
[EventType "swiss"]
[EventCountry "POL"]
[Tiebreak "Cut1 Buchholz"]
[SourceTitle "playchess.com"]
[Source "ChessBase"]
[SourceQuality "1"]

1. g3 d5 2. Nf3 g6 3. c4 dxc4 4. Na3 Bg7 5. Nxc4 Nc6 6. Bg2 e5 7. d3 Nge7 8.
O-O O-O 9. Bd2 Re8 10. b4 Nd5 11. Rb1 e4 12. dxe4 Rxe4 13. Bg5 Nf6 14. Nfe5
Qxd1 15. Rfxd1 Bf5 16. Nxc6 bxc6 17. Bxe4 Nxe4 18. Rd8+ Rxd8 19. Bxd8 Nc3 20.
Re1 Nxa2 21. Be7 Nc3 22. Na5 Be4 23. Bc5 a6 24. f3 Bd5 25. e4 Be6 26. Nxc6 h5
27. Bd4 Nb5 28. Bxg7 Kxg7 29. Kf2 Bd7 30. Rc1 Kf6 31. Ke3 Bc8 32. Nd4 Bd7 33.
Nxb5 Bxb5 34. Rxc7 Ke6 35. f4 Kf6 36. Kd4 Ke6 37. h4 Kf6 38. Rb7 Ke6 39. Rb6+
Ke7 40. Ke5 1-0

[Event "FIDE Open World Blitz 2021"]
[Site "Warsaw"]
[Date "2021.12.30"]
[Round "13.7"]
[White "Ponkratov, Pavel"]
[Black "Nasuta, Grzegorz"]
[Result "0-1"]
[WhiteElo "2662"]
[BlackElo "2377"]
[Annotator "ChessBase"]
[PlyCount "111"]
[EventDate "2021.12.29"]
[EventType "swiss"]
[EventCountry "POL"]
[Tiebreak "Cut1 Buchholz"]
[SourceTitle "playchess.com"]
[Source "ChessBase"]
[SourceQuality "1"]

1. e4 e5 2. Nc3 Nf6 3. f4 d5 4. fxe5 Nxe4 5. Qf3 f5 6. d3 Nxc3 7. bxc3 d4 8.
Qf4 Nc6 9. Nf3 dxc3 10. Qc4 Nb4 11. Qxc3 Nd5 12. Qb3 Bb4+ 13. Kf2 Bc5+ 14. Ke1
Bb4+ 15. Bd2 Bxd2+ 16. Kxd2 Be6 17. Qxb7 O-O 18. Qc6 Qe7 19. Rb1 Rab8 20. Be2
Rb6 21. Rxb6 axb6 22. Rb1 Rd8 23. d4 Nf4 24. Bc4 Bd5 25. Rb5 Bxc4 26. Qxc4+ Kh8
27. g3 Ne6 28. c3 Ng5 29. Nxg5 Qxg5+ 30. Kc2 Qe3 31. Rb2 c5 32. Rxb6 cxd4 33.
Rd6 Qf2+ 34. Kd1 Rb8 35. Qb5 Rg8 36. cxd4 Qg1+ 37. Kd2 Qxh2+ 38. Qe2 Qxg3 39.
Qe3 Qg2+ 40. Kd3 Qxa2 41. Rc6 Qb3+ 42. Rc3 Qb5+ 43. Kd2 Qd5 44. e6 Re8 45. e7
Qd7 46. Qe5 h6 47. Rc7 Qa4 48. d5 Qa2+ 49. Kd3 Qb3+ 50. Ke2 Qa2+ 51. Kf3 Qb3+
52. Kf4 Qd3 53. Qxf5 Qd4+ 54. Qe4 Qf6+ 55. Ke3 Qb6+ 56. Qd4 0-1

[Event "FIDE Open World Blitz 2021"]
[Site "Warsaw"]
[Date "2021.12.30"]
[Round "13.7"]
[White "Erigaisi Arjun"]
[Black "Sindarov, Javokhir"]
[Result "1-0"]
[WhiteElo "2627"]
[BlackElo "2587"]
[Annotator "ChessBase"]
[PlyCount "99"]
[EventDate "2021.12.29"]
[EventType "swiss"]
[EventCountry "POL"]
[Tiebreak "Cut1 Buchholz"]
[SourceTitle "playchess.com"]
[Source "ChessBase"]
[SourceQuality "1"]

1. d4 Nf6 2. c4 g6 3. Nc3 Bg7 4. e4 d6 5. Be2 O-O 6. Bg5 c5 7. d5 e6 8. Nf3
exd5 9. cxd5 Bg4 10. Nd2 Bxe2 11. Qxe2 Re8 12. O-O Nbd7 13. Rfe1 a6 14. a4 Qc7
15. h3 Rac8 16. Nc4 Ne5 17. Nxe5 Rxe5 18. f4 Rxg5 19. fxg5 Nd7 20. Nd1 Qd8 21.
h4 h6 22. Qd2 Bd4+ 23. Kh1 Ne5 24. Rf1 Qe7 25. g3 Re8 26. gxh6 Ng4 27. Qf4
Qxe4+ 28. Qxe4 Rxe4 29. Nc3 Re5 30. h7+ Kxh7 31. Rxf7+ Kh6 32. Rf3 b5 33. axb5
axb5 34. Rf4 Nf2+ 35. Kg2 Nd3 36. Rf7 b4 37. Raa7 g5 38. Rh7+ Kg6 39. Rag7+ Kf6
40. hxg5+ Rxg5 41. Ne4+ Kf5 42. Nxg5 Bxg7 43. Rxg7 Nxb2 44. Nf3 Nc4 45. Rb7 Ke4
46. g4 Kf4 47. g5 Ne3+ 48. Kf2 Ng4+ 49. Ke2 Kf5 50. Rb6 1-0

[Event "FIDE Open World Blitz 2021"]
[Site "Warsaw"]
[Date "2021.12.30"]
[Round "13.8"]
[White "Duda, Jan-Krzysztof"]
[Black "Martirosyan, Haik M."]
[Result "0-1"]
[WhiteElo "2756"]
[BlackElo "2624"]
[Annotator "TA"]
[PlyCount "112"]
[EventDate "2021.12.29"]
[EventType "swiss"]
[EventCountry "POL"]
[Tiebreak "Cut1 Buchholz"]
[SourceTitle "playchess.com"]
[Source "ChessBase"]
[SourceQuality "1"]

1. c4 e5 2. Nc3 Nf6 3. Nf3 Nc6 4. g3 d5 5. cxd5 Nxd5 6. Bg2 Nb6 7. d3 Be7 8.
O-O O-O 9. a3 Be6 10. b4 a5 11. b5 Nd4 12. Rb1 f6 13. Nd2 Qc8 14. e3 Nf5 15.
Qc2 Rd8 16. Rd1 Nd6 17. Bb2 a4 18. Rdc1 Qd7 19. Ba1 Ra5 20. Rd1 Bf8 21. Nc4
Nbxc4 22. dxc4 Bxc4 23. Bxb7 Qf7 24. Bc6 Bb3 25. Qc1 Kh8 26. Rd2 Rb8 27. Qe1
Qg6 28. Bb2 Nc4 29. Rd7 h5 30. Be4 Qg4 31. Rxc7 Nxb2 32. Rxb2 Bxa3 33. Rd2 Bb4
34. f3 Qe6 35. Rdd7 Rg8 36. Qc1 a3 37. Bd5 Bxd5 38. Nxd5 a2 39. Qa1 Bd6 40. e4
Bxc7 41. Rxc7 Qd6 42. Kg2 Qa3 43. b6 Qb3 44. Rc1 Rb8 45. Rf1 Rxb6 46. Nxb6 Qxb6
47. Qc3 Rc5 48. Qd2 Qb3 49. Kh3 Qe6+ 50. Kg2 Qb3 51. Qd8+ Kh7 52. Qd7 Qb2+ 53.
Kh3 a1=R 54. Qf5+ Kh6 55. g4 hxg4+ 56. fxg4 Rc3+ 0-1

[Event "FIDE Open World Blitz 2021"]
[Site "Warsaw"]
[Date "2021.12.30"]
[Round "13.8"]
[White "Vakhidov, Jakhongir"]
[Black "Thybo, Jesper Sondergaard"]
[Result "1-0"]
[WhiteElo "2557"]
[BlackElo "2195"]
[Annotator "ChessBase"]
[PlyCount "53"]
[EventDate "2021.12.29"]
[EventType "swiss"]
[EventCountry "POL"]
[Tiebreak "Cut1 Buchholz"]
[SourceTitle "playchess.com"]
[Source "ChessBase"]
[SourceQuality "1"]

1. c4 Nf6 2. Nc3 e6 3. e4 c5 4. e5 Ng8 5. d4 cxd4 6. Qxd4 Nc6 7. Qf4 d6 8. Nf3
Nge7 9. exd6 Ng6 10. Qe4 Bxd6 11. Be3 Bb4 12. Bd2 O-O 13. O-O-O Qc7 14. h4 f5
15. Qc2 Nge5 16. a3 Nxf3 17. gxf3 Bc5 18. Be3 Qe5 19. Bxc5 Qxc5 20. f4 b6 21.
Qe2 Nd4 22. Qe3 Bb7 23. Rg1 Rad8 24. Kb1 Rd6 25. b4 Qc6 26. Rxd4 Rfd8 27. Bg2
1-0

[Event "FIDE Open World Blitz 2021"]
[Site "Warsaw"]
[Date "2021.12.30"]
[Round "13.9"]
[White "Firouzja, Alireza"]
[Black "Karjakin, Sergey"]
[Result "0-1"]
[WhiteElo "2770"]
[BlackElo "2743"]
[Annotator "TA"]
[PlyCount "63"]
[EventDate "2021.12.29"]
[EventType "swiss"]
[EventCountry "POL"]
[Tiebreak "Cut1 Buchholz"]
[SourceTitle "playchess.com"]
[Source "ChessBase"]
[SourceQuality "1"]

1. d4 Nf6 2. Nf3 d5 3. Bf4 c5 4. e3 e6 5. Nbd2 Qb6 6. Rb1 Bd7 7. Be2 Bb5 8. c4
dxc4 9. O-O Be7 10. Nxc4 Bxc4 11. Bxc4 O-O 12. dxc5 Bxc5 13. Ne5 Nc6 14. Nxc6
Qxc6 15. Rc1 Qb6 16. Qf3 Rfd8 17. Be5 Nd7 18. Bc3 Bb4 19. Bd4 Bc5 20. Bc3 Bb4
21. Bd4 Bc5 22. Bxc5 Nxc5 23. Qe2 Ne4 24. Bd3 Nf6 25. Rc2 g6 26. h3 Rd6 27. a3
Rad8 28. Rc3 Nd5 29. Rc4 Nxe3 30. Bxg6 Nxc4 31. Bb1 Nd2 32. Bxh7+ 0-1

[Event "FIDE Open World Blitz 2021"]
[Site "Warsaw"]
[Date "2021.12.30"]
[Round "13.9"]
[White "Theodorou, Nikolas"]
[Black "Demchenko, Anton"]
[Result "0-1"]
[WhiteElo "2351"]
[BlackElo "2655"]
[Annotator "ChessBase"]
[PlyCount "88"]
[EventDate "2021.12.29"]
[EventType "swiss"]
[EventCountry "POL"]
[Tiebreak "Cut1 Buchholz"]
[SourceTitle "playchess.com"]
[Source "ChessBase"]
[SourceQuality "1"]

1. d4 Nf6 2. c4 g6 3. Nf3 Bg7 4. g3 O-O 5. Bg2 d6 6. Nc3 Nbd7 7. O-O e5 8. e4
exd4 9. Nxd4 Nc5 10. h3 Re8 11. Re1 a5 12. Rb1 a4 13. Bf4 h6 14. Ndb5 Ne6 15.
Be3 Ng5 16. Bxg5 hxg5 17. e5 dxe5 18. Qxd8 Rxd8 19. Nxc7 Rb8 20. Rxe5 g4 21. h4
a3 22. bxa3 Bf5 23. Rxb7 Rxb7 24. Bxb7 Rd7 25. N3b5 Rd2 26. Nd5 Ne4 27. Re8+
Kh7 28. Ne3 Nxf2 29. Nxf5 gxf5 30. c5 Nh3+ 31. Kf1 f4 32. c6 fxg3 33. c7 Rf2+
34. Ke1 Rc2 35. Kd1 Rc5 36. c8=Q Rxc8 37. Rxc8 f5 38. a4 f4 39. Be4+ Kh6 40.
Nd6 f3 41. Nf7+ Kh5 42. Rc5+ Kxh4 43. Kc2 g2 44. a5 g1=Q 0-1

[Event "FIDE Open World Blitz 2021"]
[Site "Warsaw"]
[Date "2021.12.30"]
[Round "13.10"]
[White "Gelfand, Boris"]
[Black "Vachier-Lagrave, Maxime"]
[Result "0-1"]
[WhiteElo "2674"]
[BlackElo "2766"]
[Annotator "TA"]
[PlyCount "77"]
[EventDate "2021.12.29"]
[EventType "swiss"]
[EventCountry "POL"]
[Tiebreak "Cut1 Buchholz"]
[SourceTitle "playchess.com"]
[Source "ChessBase"]
[SourceQuality "1"]

1. d4 Nf6 2. Nf3 g6 3. c4 Bg7 4. Nc3 d5 5. cxd5 Nxd5 6. e4 Nxc3 7. bxc3 c5 8.
Bb5+ Nc6 9. O-O O-O 10. Bxc6 bxc6 11. Qc2 Rb8 12. Ba3 cxd4 13. cxd4 Re8 14. Ne5
Bxe5 15. dxe5 Qa5 16. Bc5 Be6 17. h3 Rb5 18. Rfc1 Qc7 19. Qc3 Reb8 20. Rc2 Rb1+
21. Rxb1 Rxb1+ 22. Kh2 Kg7 23. f4 Rf1 24. Rf2 Rxf2 25. Bxf2 c5 26. Bxc5 Bxa2
27. Qa3 Kf8 28. Bxe7+ Qxe7 29. Qxa2 Qc5 30. Qa6 Qd4 31. Qc6 a5 32. Qa8+ Kg7 33.
Qxa5 Qxe4 34. Qd2 h5 35. Kg3 Qf5 36. Qd8 Qe4 37. Qf6+ Kg8 38. Qg5 Kg7 39. Kh4
0-1

[Event "FIDE Open World Blitz 2021"]
[Site "Warsaw"]
[Date "2021.12.30"]
[Round "13.10"]
[White "Shoker, Samy"]
[Black "Sankalp, Gupta"]
[Result "0-1"]
[WhiteElo "2504"]
[BlackElo "2323"]
[Annotator "ChessBase"]
[PlyCount "84"]
[EventDate "2021.12.29"]
[EventType "swiss"]
[EventCountry "POL"]
[Tiebreak "Cut1 Buchholz"]
[SourceTitle "playchess.com"]
[Source "ChessBase"]
[SourceQuality "1"]

1. c4 e5 2. g3 c6 3. Bg2 d5 4. Qa4 d4 5. d3 Nd7 6. Nf3 Ngf6 7. b4 Be7 8. O-O
O-O 9. Nbd2 a5 10. b5 Qc7 11. bxc6 bxc6 12. Rb1 Nc5 13. Qc2 a4 14. Ba3 Bf5 15.
Bxc5 Bxc5 16. Ng5 Nd7 17. Nge4 Be7 18. Rb2 Ba3 19. Rbb1 Be7 20. Rb2 Ba3 21.
Rbb1 Be7 22. c5 Be6 23. Rb4 f5 24. Nd6 Nxc5 25. N6c4 Nxd3 26. Rb6 Nb4 27. Qb1
Rfb8 28. Rxb8+ Rxb8 29. a3 Nd5 30. Qc2 Nc3 31. e3 c5 32. Re1 Bf6 33. h4 e4 34.
Kh2 d3 35. Qc1 Qb7 36. g4 g6 37. gxf5 gxf5 38. Bh3 Ne2 39. Qd1 Bxh4 40. Qxa4
Bxf2 41. Rf1 Qc7+ 42. Kh1 Qg3 0-1

[Event "FIDE Open World Blitz 2021"]
[Site "Warsaw"]
[Date "2021.12.30"]
[Round "13.11"]
[White "Sarana, Alexey"]
[Black "Muradli, Mahammad"]
[Result "1-0"]
[WhiteElo "2656"]
[BlackElo "2571"]
[Annotator "ChessBase"]
[PlyCount "141"]
[EventDate "2021.12.29"]
[EventType "swiss"]
[EventCountry "POL"]
[Tiebreak "Cut1 Buchholz"]
[SourceTitle "playchess.com"]
[Source "ChessBase"]
[SourceQuality "1"]

1. d4 Nf6 2. c4 g6 3. Nc3 Bg7 4. e4 d6 5. Be2 O-O 6. Be3 Nc6 7. Nf3 Ng4 8. Bg5
h6 9. Bh4 g5 10. Bg3 e5 11. d5 Nd4 12. h3 Nxe2 13. Qxe2 Nf6 14. Nd2 Nd7 15. Nf1
f5 16. exf5 Nc5 17. Ne3 e4 18. O-O Qf6 19. Rae1 Re8 20. Qh5 Bxf5 21. Nxf5 Qxf5
22. Nb5 Qd7 23. Qg6 a6 24. Nd4 Qf7 25. Qxf7+ Kxf7 26. Nf5 Bxb2 27. Nxh6+ Kg6
28. Ng4 b5 29. Re2 Bg7 30. cxb5 axb5 31. Rb1 Na4 32. Rc2 Nc3 33. Rb3 b4 34.
Rxb4 Rxa2 35. Rxa2 Nxa2 36. Rc4 Re7 37. h4 Nc3 38. Ne3 Ne2+ 39. Kh2 gxh4 40.
Bxh4 Be5+ 41. g3 Rh7 42. Kg2 Nd4 43. Ng4 Kf5 44. Ne3+ Kg6 45. Bd8 Nf3 46. Ng4
Kf5 47. Ne3+ Kg6 48. Rxe4 Ne1+ 49. Kf1 Nf3 50. Ke2 Nd4+ 51. Kd3 Nb3 52. Rg4+
Kf7 53. Bxc7 Nc5+ 54. Ke2 Rh1 55. Nc4 Rc1 56. Nxe5+ dxe5 57. Bxe5 Rc2+ 58. Ke3
Ra2 59. Rc4 Ra3+ 60. Rc3 Ra5 61. f4 Nd7 62. Kd4 Nb6 63. Rc7+ Ke8 64. d6 Rd5+
65. Ke4 Rd1 66. g4 Nd7 67. g5 Rg1 68. Kf5 Kd8 69. Ra7 Ke8 70. g6 Nc5 71. g7 1-0

[Event "FIDE Open World Blitz 2021"]
[Site "Warsaw"]
[Date "2021.12.30"]
[Round "13.11"]
[White "Schneider, Ilja"]
[Black "Kosakowski, Jakub"]
[Result "0-1"]
[WhiteElo "2486"]
[BlackElo "2340"]
[Annotator "ChessBase"]
[PlyCount "82"]
[EventDate "2021.12.29"]
[EventType "swiss"]
[EventCountry "POL"]
[Tiebreak "Cut1 Buchholz"]
[SourceTitle "playchess.com"]
[Source "ChessBase"]
[SourceQuality "1"]

1. e4 e5 2. Nf3 Nc6 3. Bb5 a6 4. Ba4 Nf6 5. O-O Be7 6. Re1 b5 7. Bb3 O-O 8. a4
Bb7 9. d3 d6 10. Nbd2 Na5 11. Ba2 c5 12. c3 Re8 13. Nf1 Bf8 14. Bg5 h6 15. Bh4
Be7 16. Ne3 g6 17. b4 cxb4 18. cxb4 Nc6 19. Qb3 Rf8 20. Rec1 Kg7 21. h3 Nh5 22.
Bxe7 Nxe7 23. axb5 axb5 24. Qb2 Kh7 25. Nh2 Nf4 26. Qd2 f5 27. exf5 gxf5 28.
Bb3 Qb6 29. Rxa8 Rxa8 30. Nhf1 Ra3 31. Qb2 Ra8 32. Qd2 Ra3 33. Be6 Nxe6 34. Qb2
Ra8 35. Qb3 d5 36. Ng3 f4 37. Ngf5 fxe3 38. Nxe7 exf2+ 39. Kh1 Qe3 40. Qb1 d4
41. Rf1 Qxh3# 0-1

[Event "FIDE Open World Blitz 2021"]
[Site "Warsaw"]
[Date "2021.12.30"]
[Round "13.12"]
[White "Mamedyarov, Shakhriyar"]
[Black "Predke, Alexandr"]
[Result "1-0"]
[WhiteElo "2765"]
[BlackElo "2627"]
[Annotator "TA"]
[PlyCount "85"]
[EventDate "2021.12.29"]
[EventType "swiss"]
[EventCountry "POL"]
[Tiebreak "Cut1 Buchholz"]
[SourceTitle "playchess.com"]
[Source "ChessBase"]
[SourceQuality "1"]

1. e4 e5 2. Nf3 Nc6 3. Bc4 Bc5 4. c3 Nf6 5. d4 exd4 6. cxd4 Bb4+ 7. Nbd2 d5 8.
exd5 Nxd5 9. O-O O-O 10. a3 Bxd2 11. Qxd2 h6 12. Re1 Be6 13. Qc2 Qd6 14. Bd2
Rfe8 15. h3 Nb6 16. Bxe6 Rxe6 17. Rxe6 Qxe6 18. Re1 Qd7 19. Bf4 Nd5 20. Bg3 Re8
21. Rxe8+ Qxe8 22. Qb3 Qd7 23. Qxb7 a5 24. Kh2 f6 25. Ne1 Nxd4 26. Qa8+ Kf7 27.
Qxa5 Nf5 28. Qd2 Nxg3 29. fxg3 Qc6 30. a4 Qc5 31. a5 Ne3 32. Qe2 h5 33. Nd3 Qd4
34. Qxh5+ Kg8 35. Qe2 g5 36. a6 f5 37. b4 f4 38. gxf4 gxf4 39. Ne1 f3 40. Nxf3
Qd6+ 41. g3 Nf5 42. Qe8+ Kg7 43. Qe5+ 1-0

[Event "FIDE Open World Blitz 2021"]
[Site "Warsaw"]
[Date "2021.12.30"]
[Round "13.12"]
[White "Sychev, Klementy"]
[Black "Janik, Igor"]
[Result "1-0"]
[WhiteElo "2615"]
[BlackElo "2508"]
[Annotator "ChessBase"]
[PlyCount "57"]
[EventDate "2021.12.29"]
[EventType "swiss"]
[EventCountry "POL"]
[Tiebreak "Cut1 Buchholz"]
[SourceTitle "playchess.com"]
[Source "ChessBase"]
[SourceQuality "1"]

1. e4 e5 2. Nf3 Nc6 3. Bb5 a6 4. Ba4 Nf6 5. O-O b5 6. Bb3 Bc5 7. a4 Rb8 8. c3
d6 9. d4 Bb6 10. Qd3 O-O 11. Bg5 h6 12. Bxf6 Qxf6 13. axb5 axb5 14. Qxb5 Nd8
15. dxe5 Qg6 16. Kh1 Ne6 17. Bxe6 Bxe6 18. Qe2 dxe5 19. Nxe5 Qf6 20. f4 Qe7 21.
Nd2 Rbe8 22. Rad1 Qc5 23. Ndf3 f5 24. Nd4 Bc8 25. exf5 Bxf5 26. Nxf5 Rxf5 27.
Qg4 Rf6 28. Nd7 Qf8 29. Nxf8 1-0

[Event "FIDE Open World Blitz 2021"]
[Site "Warsaw"]
[Date "2021.12.30"]
[Round "13.13"]
[White "Efimenko, Zahar"]
[Black "Kolosowski, Mateusz"]
[Result "1/2-1/2"]
[WhiteElo "2601"]
[BlackElo "2444"]
[Annotator "ChessBase"]
[PlyCount "54"]
[EventDate "2021.12.29"]
[EventType "swiss"]
[EventCountry "POL"]
[Tiebreak "Cut1 Buchholz"]
[SourceTitle "playchess.com"]
[Source "ChessBase"]
[SourceQuality "1"]

1. Nf3 Nf6 2. g3 g6 3. b3 Bg7 4. Bb2 O-O 5. Bg2 d5 6. c4 c6 7. O-O Bf5 8. d3 a5
9. Nbd2 a4 10. Qc2 Na6 11. Bc3 axb3 12. axb3 Qc8 13. Rfe1 Re8 14. Qb2 Bh3 15.
Bh1 b5 16. cxb5 cxb5 17. b4 Qb7 18. Nb3 Rec8 19. Bd4 Qd7 20. Ra5 Nc7 21. Nc5
Qc6 22. Rea1 Rxa5 23. bxa5 Ra8 24. Ne5 Qd6 25. a6 Nxa6 26. Qxb5 Nc7 27. Rxa8+
Nxa8 1/2-1/2

[Event "FIDE Open World Blitz 2021"]
[Site "Warsaw"]
[Date "2021.12.30"]
[Round "13.13"]
[White "Cheparinov, Ivan"]
[Black "Nihal Sarin"]
[Result "1-0"]
[WhiteElo "2594"]
[BlackElo "2650"]
[Annotator "ChessBase"]
[PlyCount "79"]
[EventDate "2021.12.29"]
[EventType "swiss"]
[EventCountry "POL"]
[Tiebreak "Cut1 Buchholz"]
[SourceTitle "playchess.com"]
[Source "ChessBase"]
[SourceQuality "1"]

1. d4 d5 2. c4 c6 3. Nf3 Nf6 4. Nc3 e6 5. Bg5 Nbd7 6. e3 h6 7. Bh4 g5 8. Bg3
Nh5 9. Qc2 Nxg3 10. hxg3 Bg7 11. O-O-O Qe7 12. Kb1 O-O 13. cxd5 cxd5 14. g4 Rb8
15. Bd3 b5 16. Rc1 a6 17. Rh3 Bb7 18. Rch1 Rfc8 19. Qb3 Qf6 20. Ne2 a5 21. Ng3
a4 22. Qd1 Bf8 23. Nh5 Qe7 24. Ne5 Rc7 25. Nxd7 Rxd7 26. Qf3 f5 27. gxf5 e5 28.
f6 Qf7 29. dxe5 Re8 30. Qf5 Bc8 31. Ng7 Bxg7 32. Qh7+ Kf8 33. fxg7+ Qxg7 34.
Rf3+ Rf7 35. Rxf7+ Qxf7 36. Qxh6+ Qg7 37. Qh8+ Qxh8 38. Rxh8+ Ke7 39. Rxe8+
Kxe8 40. Bxb5+ 1-0

[Event "FIDE Open World Blitz 2021"]
[Site "Warsaw"]
[Date "2021.12.30"]
[Round "13.14"]
[White "Alonso Rosell, Alvar"]
[Black "Parligras, Mircea-Emilian"]
[Result "1-0"]
[WhiteElo "2580"]
[BlackElo "2576"]
[Annotator "ChessBase"]
[PlyCount "115"]
[EventDate "2021.12.29"]
[EventType "swiss"]
[EventCountry "POL"]
[Tiebreak "Cut1 Buchholz"]
[SourceTitle "playchess.com"]
[Source "ChessBase"]
[SourceQuality "1"]

1. d4 Nf6 2. Bf4 d5 3. e3 e6 4. Nf3 c5 5. Nbd2 Nc6 6. Bb5 Bd7 7. O-O Be7 8.
dxc5 Bxc5 9. Be2 Nh5 10. Bg5 Be7 11. Bxe7 Qxe7 12. c4 Nf6 13. cxd5 Nxd5 14. Nc4
O-O 15. Rc1 Rfd8 16. a3 Be8 17. Qb3 Rac8 18. Rfd1 h6 19. h3 Nf6 20. Rxd8 Rxd8
21. Nfe5 Nxe5 22. Nxe5 b6 23. Bf3 Qd6 24. Qc3 Nd5 25. Qd4 Nf6 26. Qxd6 Rxd6 27.
Rc8 Kf8 28. b4 a5 29. b5 Ke7 30. Bc6 Rd1+ 31. Kh2 Ra1 32. Nc4 Rc1 33. Nxb6 Bxc6
34. bxc6 Nd5 35. Nxd5+ exd5 36. c7 a4 37. Kg3 g6 38. Kf4 Rc4+ 39. Ke5 Rc3 40.
Kd4 Rc2 41. Kxd5 Kd7 42. Rf8 Kxc7 43. Rxf7+ Kb6 44. Rf4 Kb5 45. e4 Rd2+ 46. Ke6
Rd3 47. Rf3 Rb3 48. Kd5 Rb2 49. e5 Rd2+ 50. Ke6 Kc6 51. Rc3+ Kb5 52. Rf3 Kc6
53. Kf6 g5 54. e6 Re2 55. e7 Kd7 56. Rd3+ Kc7 57. Rd8 Rxf2+ 58. Kg6 1-0

[Event "FIDE Open World Blitz 2021"]
[Site "Warsaw"]
[Date "2021.12.30"]
[Round "13.14"]
[White "Van Foreest, Jorden"]
[Black "Mamedov, Rauf"]
[Result "1-0"]
[WhiteElo "2566"]
[BlackElo "2673"]
[Annotator "ChessBase"]
[PlyCount "109"]
[EventDate "2021.12.29"]
[EventType "swiss"]
[EventCountry "POL"]
[Tiebreak "Cut1 Buchholz"]
[SourceTitle "playchess.com"]
[Source "ChessBase"]
[SourceQuality "1"]

1. e4 c5 2. Nf3 Nc6 3. Nc3 g6 4. d4 cxd4 5. Nxd4 Bg7 6. Nxc6 bxc6 7. Bc4 d6 8.
O-O Nf6 9. e5 dxe5 10. Qxd8+ Kxd8 11. Re1 e6 12. Rxe5 Nd5 13. Re2 Rb8 14. Ne4
Rb4 15. Bb3 Kc7 16. c3 Rb6 17. c4 Nb4 18. Be3 Rd8 19. Bxb6+ axb6 20. Rd1 Rxd1+
21. Bxd1 h6 22. Rd2 Bf8 23. Nf6 Nxa2 24. Ne8+ Kb8 25. Nd6 Bxd6 26. Rxd6 Kc7 27.
Rd3 e5 28. Re3 Kd6 29. Bb3 Nb4 30. c5+ bxc5 31. Bxf7 g5 32. Bc4 Be6 33. Bxe6
Kxe6 34. Rh3 c4 35. Rxh6+ Kd5 36. Rh8 Kd4 37. Rb8 c5 38. g4 e4 39. h4 gxh4 40.
g5 Ke5 41. Rb6 Nd5 42. g6 Nxb6 43. g7 Nd5 44. g8=Q Kd4 45. Qd8 h3 46. Kh2 c3
47. bxc3+ Kc4 48. Kxh3 Nxc3 49. Kg4 Kb3 50. Kf4 c4 51. Ke3 Kc2 52. Qd2+ Kb3 53.
Kd4 Nb1 54. Qd1+ Kb2 55. Kxc4 1-0